| 000 | 00457nam a2200145 a 4500 | ||
|---|---|---|---|
| 001 | 3345 | ||
| 003 | CDMR | ||
| 005 | 20151016131202.0 | ||
| 008 | 130130s1912||||||||||||||||||||||||||||d | ||
| 040 |
_aCDMR _bcat _cCDMR |
||
| 110 | 2 |
_9208 _aAsociación de la Prensa Diaria de Barcelona |
|
| 245 | 1 | 0 | _aReglamento del Montepío de la Asociación de la Prensa Diaria de Barcelona |
| 260 |
_aBarcelona _c1912 _bImprenta de la casa Provincial de la Caridad |
||
| 942 | _cMON | ||
| 999 |
_c3345 _d3345 |
||